| 000 | 00525nam a2200169 4500 | ||
|---|---|---|---|
| 005 | 20220911115020.0 | ||
| 037 |
_aBC_456 80 _fbroch |
||
| 040 |
_aBC-ENSA _bfre |
||
| 041 |
_afre _bfre |
||
| 100 | _aKAUFMANN, Arnold/CULLMANN, Georges | ||
| 245 | _aMathématiques nouvelles pour le recyclage des parents | ||
| 260 |
_aParis _bDunod _c1968 |
||
| 300 |
_a180 p. _bill., couv. ill. _c17 cm |
||
| 562 | _e01 exemplaire(s) | ||
| 650 | _aMATHEMATIQUE/SCIENCE/EDUCATION/COMMUNICATION/TECHNIQUE | ||
| 942 | _c09 | ||
| 999 |
_c34807 _d62805 |
||